<?xml version="1.0" encoding="UTF-8"?>
<record
    xmlns:xsi="http://www.w3.org/2001/XMLSchema-instance"
    xsi:schemaLocation="http://www.loc.gov/MARC21/slim http://www.loc.gov/standards/marcxml/schema/MARC21slim.xsd"
    xmlns="http://www.loc.gov/MARC21/slim">

  <leader>05153nab a2200277 i 4500</leader>
  <controlfield tag="003">BR-BrBNA</controlfield>
  <controlfield tag="005">20250905100248.0</controlfield>
  <controlfield tag="008">250905b2021    bl.qr|pooa||| 00| 0 eng |</controlfield>
  <datafield tag="040" ind1=" " ind2=" ">
    <subfield code="a">BR-BrBNA</subfield>
    <subfield code="b">eng</subfield>
  </datafield>
  <datafield tag="072" ind1=" " ind2=" ">
    <subfield code="a">H60</subfield>
    <subfield code="b">1850</subfield>
  </datafield>
  <datafield tag="100" ind1=" " ind2=" ">
    <subfield code="a">Correia, N&#xFA;bia Maria </subfield>
  </datafield>
  <datafield tag="245" ind1=" " ind2=" ">
    <subfield code="a">Selectivity of herbicide oxadiazon to processing tomato and control of American black nightshade plants</subfield>
  </datafield>
  <datafield tag="500" ind1=" " ind2=" ">
    <subfield code="a">
Publica&#xE7;&#xE3;o online; 19 ref.; 4 tables; 2 illus.; Summaries (En, Pt)</subfield>
  </datafield>
  <datafield tag="520" ind1=" " ind2=" ">
    <subfield code="a">


ABSTRACT:   American black nightshade (Solanum americanum) is one of the main weeds for tomato crops. However, no herbicide approved for this crop in Brazil is effective for the control of this species and selective to tomato plants. Therefore, the objective of the present study was to evaluate the selectivity of the herbicide oxadiazon to plants of three processing tomato hybrids and the control of American black nightshade plants. Four trials were installed: one under greenhouse and three under field conditions. The greenhouse trial was conducted in a completely randomized design with four replications, using a 2x5 factorial arrangement consisting of preemergence and postemergence applications of five oxadiazon rates (75, 125, 250, 375, and 500 g ha-1) to control American black nightshade plants, and two control treatments without herbicide application. The field trials were conducted in a randomized blocks design with four replications on commercial production areas in the municipality of Cristalina-GO, Brazil. The tomato hybrids tested were Acangata 9992, H-9553, and HMX 7885, one in each trial. The treatments consisted of application of five oxadiazon rates (125, 250, 375, 500, and 625 g ha-1) at preplanting of the tomato seedlings, and a control treatment without herbicide application. The application of oxadiazon in preemergence, in the greenhouse, was more efficient for controlling American black nightshade plants under greenhouse conditions than the application on plants with 2-3 leaves. However, the weed control was satisfactory (&gt;90%) when rates up to 246 g ha-1 were used, in both application times. The herbicide application caused no visual injuries to tomato plants under field conditions, and had no negative effect on fruit yield. Therefore, the herbicide oxadiazon was highly selective to the three processing tomato hybrids when applied at pre-planting, using rates of up to 625 g ha-1. The herbicide presented excellent control of American black nightshade plants, using rates from 125 to 371 g ha-1.


Keywords:    Solanum lycopersicum, Solanum americanum, chemical control, phytotoxicity</subfield>
  </datafield>
  <datafield tag="520" ind1=" " ind2=" ">
    <subfield code="a">


RESUMO:   Maria-pretinha (Solanum americanum) &#xE9; uma das principais plantas daninhas da cultura do tomate rasteiro. Por&#xE9;m, n&#xE3;o h&#xE1; herbicidas registrados no Brasil eficazes para o seu controle e seletivos para o tomateiro. Por isso, objetivou-se avaliar a seletividade do herbicida oxadiazon para tr&#xEA;s h&#xED;bridos de tomateiro rasteiro e o controle de maria-pretinha. Quatro experimentos, um em casa de vegeta&#xE7;&#xE3;o e tr&#xEA;s em campo, foram desenvolvidos. Em casa de vegeta&#xE7;&#xE3;o, o delineamento experimental foi inteiramente casualizado, em esquema fatorial 2x5, com quatro repeti&#xE7;&#xF5;es. O oxadiazon foi pulverizado em pr&#xE9; e p&#xF3;s-emerg&#xEA;ncia das plantas de maria-pretinha, nas dosagens de 75, 125, 250, 375 e 500 g ha-1, al&#xE9;m da manuten&#xE7;&#xE3;o de duas testemunhas sem herbicida. Em campo, os tr&#xEA;s experimentos foram instalados em &#xE1;reas de produ&#xE7;&#xE3;o comercial, no munic&#xED;pio de Cristalina-GO, com os h&#xED;bridos Acangata 9992, H-9553 e HMX 7885, um por experimento. O delineamento experimental foi de blocos ao acaso com quatro repeti&#xE7;&#xF5;es e os tratamentos constitu&#xED;dos pela aplica&#xE7;&#xE3;o de cinco dosagens do herbicida oxadiazon (125, 250, 375, 500 e 625 g ha-1) no pr&#xE9;-plantio das mudas e a manuten&#xE7;&#xE3;o de uma testemunha sem herbicida. Em casa de vegeta&#xE7;&#xE3;o, a aplica&#xE7;&#xE3;o de oxadiazon em pr&#xE9;-emerg&#xEA;ncia foi mais eficaz para o controle de maria-pretinha do que a aplica&#xE7;&#xE3;o em plantas com 2-3 folhas. Contudo, nas duas &#xE9;pocas, a partir de 246 g ha-1 o controle foi satisfat&#xF3;rio, maior que 90%. Em campo, o herbicida n&#xE3;o ocasionou inj&#xFA;ria visual &#xE0;s plantas de tomateiro, com reflexo na produtividade de frutos, que n&#xE3;o foi prejudicada. Por isso, concluiu-se que o oxadiazon foi altamente seletivo para os tr&#xEA;s h&#xED;bridos de tomateiro rasteiro, quando pulverizado no pr&#xE9;-plantio em dosagens de at&#xE9; 625 g ha-1, e resultou em excelente controle de maria-pretinha com dosagens de 125 a 371g ha-1.



Palavras-chave:    Solanum lycopersicum, Solanum americanum, controle qu&#xED;mico, fitointoxica&#xE7;&#xE3;o</subfield>
  </datafield>
  <datafield tag="650" ind1=" " ind2=" ">
    <subfield code="a">TOMATE</subfield>
  </datafield>
  <datafield tag="650" ind1=" " ind2=" ">
    <subfield code="a">H&#xCD;BRIDO</subfield>
  </datafield>
  <datafield tag="650" ind1=" " ind2=" ">
    <subfield code="a">ERVA DANINHA</subfield>
  </datafield>
  <datafield tag="650" ind1=" " ind2=" ">
    <subfield code="a">MARIA-PRETINHA</subfield>
  </datafield>
  <datafield tag="650" ind1=" " ind2=" ">
    <subfield code="a">HERBICIDA</subfield>
  </datafield>
  <datafield tag="650" ind1=" " ind2=" ">
    <subfield code="a">CONTROLE QU&#xCD;MICO</subfield>
  </datafield>
  <datafield tag="773" ind1="0" ind2=" ">
    <subfield code="0">1047</subfield>
    <subfield code="9">357666</subfield>
    <subfield code="d">Bras&#xED;lia-DF Sociedade de Olericultura do Brasil 1983</subfield>
    <subfield code="o">2025-5631</subfield>
    <subfield code="t">Horticultura Brasileira (Brazil)</subfield>
    <subfield code="x">0102-0536</subfield>
    <subfield code="g">v. 39(1) p. 32-38: (2021)</subfield>
    <subfield code="w">BR2025001867</subfield>
  </datafield>
  <datafield tag="856" ind1=" " ind2=" ">
    <subfield code="u">https://www.scielo.br/j/hb/a/5NZP3rhmcw9CnRYNKh4sVKr/?format=pdf&amp;lang=en</subfield>
  </datafield>
  <datafield tag="942" ind1=" " ind2=" ">
    <subfield code="c">ANA</subfield>
  </datafield>
  <datafield tag="999" ind1=" " ind2=" ">
    <subfield code="c">338031</subfield>
    <subfield code="d">338031</subfield>
  </datafield>
</record>
